<?xml version="1.0" encoding="UTF-8"?>
<record
    xmlns:xsi="http://www.w3.org/2001/XMLSchema-instance"
    xsi:schemaLocation="http://www.loc.gov/MARC21/slim http://www.loc.gov/standards/marcxml/schema/MARC21slim.xsd"
    xmlns="http://www.loc.gov/MARC21/slim">

  <leader>02847nam a2200661 a 4500</leader>
  <controlfield tag="005">20240503102405.0</controlfield>
  <controlfield tag="008">100708t2014||||sp a   f |||| 001 0 spa d</controlfield>
  <datafield tag="020" ind1=" " ind2=" ">
    <subfield code="a">9788490221471</subfield>
  </datafield>
  <datafield tag="041" ind1=" " ind2=" ">
    <subfield code="a">spa</subfield>
  </datafield>
  <datafield tag="092" ind1=" " ind2=" ">
    <subfield code="c">616.5</subfield>
    <subfield code="l">24</subfield>
    <subfield code="s">FER</subfield>
  </datafield>
  <datafield tag="100" ind1="1" ind2=" ">
    <subfield code="a">Ferr&#xE1;ndiz Foraster, Carlos.</subfield>
    <subfield code="9">1026</subfield>
  </datafield>
  <datafield tag="245" ind1=" " ind2=" ">
    <subfield code="a">Dermatolog&#xED;a cl&#xED;nica /  </subfield>
    <subfield code="c">Carlos Ferr&#xE1;ndiz Foraster</subfield>
  </datafield>
  <datafield tag="250" ind1=" " ind2=" ">
    <subfield code="a">4a ed.</subfield>
  </datafield>
  <datafield tag="260" ind1=" " ind2=" ">
    <subfield code="a">Barcelona: </subfield>
    <subfield code="b">Elsevier;</subfield>
    <subfield code="c">2014.</subfield>
  </datafield>
  <datafield tag="300" ind1=" " ind2=" ">
    <subfield code="a">307 p.</subfield>
    <subfield code="b">il.</subfield>
  </datafield>
  <datafield tag="500" ind1=" " ind2=" ">
    <subfield code="a">Ferr&#xE1;ndiz Foraster, C. et al. (2014). Dermatolog&#xED;a cl&#xED;nica. (4a ed.). Barcelona : Elsevier. </subfield>
  </datafield>
  <datafield tag="653" ind1=" " ind2=" ">
    <subfield code="a">Anatom&#xED;a y fisiolog&#xED;a de la piel humana</subfield>
  </datafield>
  <datafield tag="653" ind1=" " ind2=" ">
    <subfield code="a">Bases del diagn&#xF3;stico dermatol&#xF3;gico</subfield>
  </datafield>
  <datafield tag="653" ind1=" " ind2=" ">
    <subfield code="a">Infecciones bacterianas</subfield>
  </datafield>
  <datafield tag="653" ind1=" " ind2=" ">
    <subfield code="a">Infecciones por micobacterias</subfield>
  </datafield>
  <datafield tag="653" ind1=" " ind2=" ">
    <subfield code="a">Infecciones por virus</subfield>
  </datafield>
  <datafield tag="653" ind1=" " ind2=" ">
    <subfield code="a">Micosis cutaneomucosas superficiales</subfield>
  </datafield>
  <datafield tag="653" ind1=" " ind2=" ">
    <subfield code="a">Infecciones de transmisi&#xF3;n sexual (I) Balinitis. Uretritis</subfield>
  </datafield>
  <datafield tag="653" ind1=" " ind2=" ">
    <subfield code="a">Infecciones de transmisi&#xF3;n sexual (II) Ulceras genitales </subfield>
  </datafield>
  <datafield tag="653" ind1=" " ind2=" ">
    <subfield code="a">Parasitosis y zoonosis</subfield>
  </datafield>
  <datafield tag="653" ind1=" " ind2=" ">
    <subfield code="a">Urticaria y angioedema</subfield>
  </datafield>
  <datafield tag="653" ind1=" " ind2=" ">
    <subfield code="a">Eccemas (I) Dermatitis de contacto</subfield>
  </datafield>
  <datafield tag="653" ind1=" " ind2=" ">
    <subfield code="a">Eccemas (II) Dermatitis ceborreica</subfield>
  </datafield>
  <datafield tag="653" ind1=" " ind2=" ">
    <subfield code="a">Reacciones cut&#xE1;neas frente a agentes f&#xED;sicos. Fotobiolog&#xED;a y fotodermatosis</subfield>
  </datafield>
  <datafield tag="653" ind1=" " ind2=" ">
    <subfield code="a">Toxidermias, dematosis facticias y &#xFA;lceras de diversas etiolog&#xED;as</subfield>
  </datafield>
  <datafield tag="653" ind1=" " ind2=" ">
    <subfield code="a">Dermatosis eritematoescamosas (I): psoriasis. Eritrodermias</subfield>
  </datafield>
  <datafield tag="653" ind1=" " ind2=" ">
    <subfield code="a">Dermatosis eritematoescamosas (II). Liquen plano. Erupciones liquenoides. Pitiriasis rosasa. Pitiriasis rubra pilaris</subfield>
  </datafield>
  <datafield tag="653" ind1=" " ind2=" ">
    <subfield code="a">Dermatosis reactivas</subfield>
  </datafield>
  <datafield tag="653" ind1=" " ind2=" ">
    <subfield code="a">Vasculitis y paniculitis</subfield>
  </datafield>
  <datafield tag="653" ind1=" " ind2=" ">
    <subfield code="a">Enfermedades ampollares autoinmunes I: grupo de p&#xE9;nfigos</subfield>
  </datafield>
  <datafield tag="653" ind1=" " ind2=" ">
    <subfield code="a">Enfermedades ampollares autoinmunes II: ampolla subepid&#xE9;rmica</subfield>
  </datafield>
  <datafield tag="653" ind1=" " ind2=" ">
    <subfield code="a">Alteraciones de la pigmentaci&#xF3;n</subfield>
  </datafield>
  <datafield tag="653" ind1=" " ind2=" ">
    <subfield code="a">Enfermedades del fol&#xED;culo policeb&#xE1;ceo</subfield>
  </datafield>
  <datafield tag="653" ind1=" " ind2=" ">
    <subfield code="a">Genodermatosis</subfield>
  </datafield>
  <datafield tag="653" ind1=" " ind2=" ">
    <subfield code="a">Enfermedades hereditarias con importante componente dermatol&#xF3;gico</subfield>
  </datafield>
  <datafield tag="653" ind1=" " ind2=" ">
    <subfield code="a">Conectivopat&#xED;as autoinmunes</subfield>
  </datafield>
  <datafield tag="653" ind1=" " ind2=" ">
    <subfield code="a">Manifestaciones cut&#xE1;neas de las enfermedades metab&#xF3;licas y carenciales</subfield>
  </datafield>
  <datafield tag="653" ind1=" " ind2=" ">
    <subfield code="a">Porfirias y manifestaciones cut&#xE1;neas de las enfermedades endocrinas</subfield>
  </datafield>
  <datafield tag="653" ind1=" " ind2=" ">
    <subfield code="a">Marcadores cut&#xE1;neos de las neolplacias internas</subfield>
  </datafield>
  <datafield tag="653" ind1=" " ind2=" ">
    <subfield code="a">Linfomas, histiocitosis y mastocitosis</subfield>
  </datafield>
  <datafield tag="653" ind1=" " ind2=" ">
    <subfield code="a">Tumores epiteliales</subfield>
  </datafield>
  <datafield tag="653" ind1=" " ind2=" ">
    <subfield code="a">Tumores mesenquimales</subfield>
  </datafield>
  <datafield tag="653" ind1=" " ind2=" ">
    <subfield code="a">Tumores melanoc&#xED;ticos</subfield>
  </datafield>
  <datafield tag="653" ind1=" " ind2=" ">
    <subfield code="a">Terap&#xE9;utica dermatol&#xF3;gica</subfield>
  </datafield>
  <datafield tag="700" ind1="1" ind2=" ">
    <subfield code="a">Bielsa Marsol, Isabel.</subfield>
    <subfield code="9">1027</subfield>
  </datafield>
  <datafield tag="700" ind1="1" ind2=" ">
    <subfield code="a">Fonseca Capdevila, Eduardo.</subfield>
    <subfield code="9">1028</subfield>
  </datafield>
  <datafield tag="700" ind1="1" ind2=" ">
    <subfield code="a">Puig Sanz, Llu&#xED;s.</subfield>
    <subfield code="9">1029</subfield>
  </datafield>
  <datafield tag="700" ind1="1" ind2=" ">
    <subfield code="a">Rivera Pibernat, Miquel.</subfield>
    <subfield code="9">1030</subfield>
  </datafield>
  <datafield tag="700" ind1="1" ind2=" ">
    <subfield code="a">Ferr&#xE1;ndiz Pulido, Lara</subfield>
    <subfield code="9">3014</subfield>
  </datafield>
  <datafield tag="700" ind1="1" ind2=" ">
    <subfield code="a">Moreno Ram&#xED;rez, David</subfield>
    <subfield code="9">3015</subfield>
  </datafield>
  <datafield tag="700" ind1="1" ind2=" ">
    <subfield code="a">Ferr&#xE1;ndiz Pulido, Carla</subfield>
    <subfield code="9">3016</subfield>
  </datafield>
  <datafield tag="942" ind1=" " ind2=" ">
    <subfield code="2">ddc</subfield>
    <subfield code="c">BK</subfield>
  </datafield>
  <datafield tag="999" ind1=" " ind2=" ">
    <subfield code="c">2132</subfield>
    <subfield code="d">2132</subfield>
  </datafield>
  <datafield tag="952" ind1=" " ind2=" ">
    <subfield code="0">0</subfield>
    <subfield code="1">0</subfield>
    <subfield code="2">ddc</subfield>
    <subfield code="4">0</subfield>
    <subfield code="7">0</subfield>
    <subfield code="8">REF</subfield>
    <subfield code="a">BFM</subfield>
    <subfield code="b">BFM</subfield>
    <subfield code="c">REF</subfield>
    <subfield code="d">2015-02-05</subfield>
    <subfield code="g">704.00</subfield>
    <subfield code="l">3</subfield>
    <subfield code="m">1</subfield>
    <subfield code="o">616.5 24 FER</subfield>
    <subfield code="p">3437</subfield>
    <subfield code="r">2017-08-24</subfield>
    <subfield code="s">2017-08-11</subfield>
    <subfield code="t">Ej.3</subfield>
    <subfield code="w">2015-02-05</subfield>
    <subfield code="y">REF</subfield>
    <subfield code="z">LIBRO DE CONSULTA. COMPRA ENERO 2015</subfield>
  </datafield>
  <datafield tag="952" ind1=" " ind2=" ">
    <subfield code="0">0</subfield>
    <subfield code="1">0</subfield>
    <subfield code="2">ddc</subfield>
    <subfield code="4">0</subfield>
    <subfield code="7">0</subfield>
    <subfield code="a">BFM</subfield>
    <subfield code="b">BFM</subfield>
    <subfield code="c">CR</subfield>
    <subfield code="d">2015-04-30</subfield>
    <subfield code="e">Compra PROMED 3er A&#xD1;O, Abril 2015</subfield>
    <subfield code="g">812.00</subfield>
    <subfield code="l">45</subfield>
    <subfield code="m">19</subfield>
    <subfield code="o">616.5 24 FER</subfield>
    <subfield code="p">3481</subfield>
    <subfield code="r">2025-10-08</subfield>
    <subfield code="s">2025-09-30</subfield>
    <subfield code="t">Ej.4</subfield>
    <subfield code="w">2015-04-30</subfield>
    <subfield code="y">BK</subfield>
    <subfield code="z">Compra PROMED 3er A&#xD1;O, Abril 2015</subfield>
  </datafield>
  <datafield tag="952" ind1=" " ind2=" ">
    <subfield code="0">0</subfield>
    <subfield code="1">0</subfield>
    <subfield code="2">ddc</subfield>
    <subfield code="4">0</subfield>
    <subfield code="7">0</subfield>
    <subfield code="a">BFM</subfield>
    <subfield code="b">BFM</subfield>
    <subfield code="c">CR</subfield>
    <subfield code="d">2015-10-05</subfield>
    <subfield code="e">Compra Promed 3er a&#xF1;o, Octubre 2015</subfield>
    <subfield code="g">1015.00</subfield>
    <subfield code="l">22</subfield>
    <subfield code="m">4</subfield>
    <subfield code="o">616.5 24 FER</subfield>
    <subfield code="p">3567</subfield>
    <subfield code="r">2025-05-27</subfield>
    <subfield code="s">2025-05-20</subfield>
    <subfield code="t">Ej.5</subfield>
    <subfield code="w">2015-10-05</subfield>
    <subfield code="y">BK</subfield>
    <subfield code="z">Compra Promed 3er a&#xF1;o, Octubre 2015. </subfield>
    <subfield code="f"></subfield>
  </datafield>
  <datafield tag="952" ind1=" " ind2=" ">
    <subfield code="0">0</subfield>
    <subfield code="1">0</subfield>
    <subfield code="2">ddc</subfield>
    <subfield code="4">0</subfield>
    <subfield code="7">0</subfield>
    <subfield code="a">BFM</subfield>
    <subfield code="b">BFM</subfield>
    <subfield code="c">CR</subfield>
    <subfield code="d">2015-10-05</subfield>
    <subfield code="e">Compra Promed 3er a&#xF1;o, Octubre 2015</subfield>
    <subfield code="g">1015.00</subfield>
    <subfield code="l">26</subfield>
    <subfield code="m">9</subfield>
    <subfield code="o">616.5 24 FER</subfield>
    <subfield code="p">3568</subfield>
    <subfield code="r">2025-10-07</subfield>
    <subfield code="s">2025-09-23</subfield>
    <subfield code="t">Ej.6</subfield>
    <subfield code="w">2015-10-05</subfield>
    <subfield code="y">BK</subfield>
    <subfield code="z">Compra Promed 3er a&#xF1;o, Octubre 2015</subfield>
  </datafield>
</record>
